000
00302nam a2200109Ia 4500
008
200302s9999 xx 000 0 und d
100
_a
Jeon, Mi-Sook
245
_a
Office / Station / Sports Facilities Urban Environment Design Vol 3
260
_b
Archiworld Co., Ltd.
260
_c
2003
300
_a
255 P.,
999
_c
2154
_d
2154